Animación sociocultural, e integración territorial

Bewaard in:
Bibliografische gegevens
Hoofdauteur: Puig Picart, Toni (Auteur)
Formaat: Boek
Taal:Spaans
Gepubliceerd in: Buenos Aires Ciccus 1994
Onderwerpen:
Tags: Voeg label toe
Geen labels, Wees de eerste die dit record labelt!

MARC

LEADER 00000nam a2200000 a 4500
001 UCO8866
003 CL-VaPUC
008 010105e19940000AG |||||||||||||||||spa|d
082 0 4 |a 306.4  |b PUI  |2 21 
100 0 |a Puig Picart, Toni  |e author  |9 453756 
245 1 0 |a Animación sociocultural, e integración territorial 
300 |a 135 p 
942 |c BK 
945 |d 20010105 00:00:00  |a vberengu 
260 |a Buenos Aires  |b Ciccus  |c 1994 
650 0 |a Actividades culturales  |9 335506 
650 0 |a Animación cultural   |9 310162 
650 7 |a DIFUSION DE LA CULTURA  |2 CL-VaPUC  |9 337273 
583 |a last modification  |c 20010105 00:00:00  |k Rodrigo Vera 
999 |c 293293  |d 293291 
952 |0 0  |1 0  |4 0  |6 306_400000000000000_PUI_1994  |7 0  |8 A  |9 344748  |a BIBGIM  |b BIBGIM  |d 2019-11-20  |i 3677397  |o 306.4 PUI 1994  |p 3677397  |r 2025-01-15  |w 2019-11-20  |y BK  |k SSL